OVO Sound Artists - Statistics

General Stats
  • This quiz has been taken 8 times
  • The average score is 7 of 15
Answer Stats
Status Song Answer % Correct
Current, Founder Hotline Bling Drake
100%
Current, Singer Come and See Me PARTYNEXTDOOR
100%
Current, Duo Stars Align Majid Jordan
80%
Current, Rapper Over the Top Smiley
60%
Current, Producer 40
40%
Current, Rapper Live Up to My Name Baka Not Nice
40%
Former, Rapper Tuesday iLoveMakonnen
40%
Current, Singer Another Life Naomi Sharon
40%
Current, Singer Drama Roy Woods
40%
Current, Producer Boi-1da
20%
Former, Duo With Me dvsn
20%
Current, Producer Nineteen85
20%
Former, Singer All Mine Plaza
20%
Current, Singer We Caa Done Popcaan
20%
Current, Producer T-Minus
20%
No matching quizzes found
Score Distribution
Percent of People with Each Score
Percentile by Number Answered
Your Score History
You have not taken this quiz